| 000 | 00534nam a2200193 a 4500 | ||
|---|---|---|---|
| 005 | 20240806064000.0 | ||
| 008 | 991125s1941 bue 000 0 spa u | ||
| 035 | _aUPN01000006503 | ||
| 049 | _aCG | ||
| 050 | 4 | _aPR5363 S5.78 | |
| 100 | 1 |
_aShaw, George Bernard, _d1856-1950 _941479 |
|
| 245 | 1 | 0 |
_aCándida / _cGeorge Bernard Shaw ; tr. Ricardo Baeza |
| 260 |
_aBuenos Aires : _bLibrería Hachete, _c1941 |
||
| 300 | _a165 p | ||
| 440 | 0 | _aSerie azul | |
| 650 | 4 |
_aLiteratura inglesa _95228 |
|
| 904 |
_aAC _b006503 |
||
| 905 | _aLibro | ||
| 999 |
_c6503 _d6503 |
||